000 00483nam a2200181Ia 4500
005 20250508151757.0
008 008 250505s9999 xx 000 0 hin d
037 _aTextual
040 _aFEDL
_beng
_cFEDL
041 _ahin
_2hin
084 _a491.435, SWA
_qFEDL
100 _aSwadhay
_9759957
245 0 _aNavin hindi vyakaran
260 _aAligarh, India
_bJanta Pustakalaya
300 _a130p.
942 _cTEXL
_h491.435, SWA
999 _c1332088
_d1332088